Представление документа в формате MARC21

Поле Инд. ПП Название Значение
Тип записи a
Библиографический уровень b
001 Контрольный номер RU/IS/BASE/235051526
005 Дата корректировки 20200522191126.3
040 b Код языка каталог. rus
e Правила каталог. PSBO
041 0_ a Код языка текста rus
084 a Индекс другой классификации/Индекс ББК 81.47-3
100 1_ a Автор Седова М. А.
245 10 a Заглавие Метафорическое поле AGHE/ВОДА во фриульском языке (мир человека)
504 a Библиография Библиогр. - Примеч.: с. 121
650 04 a Основная рубрика лексикология
a Основная рубрика филологические науки
a Основная рубрика частное языкознание
a Основная рубрика языкознание
653 0_ a Ключевые слова архетип вода
a Ключевые слова вода
a Ключевые слова лексика
a Ключевые слова лексическая семантика
a Ключевые слова метафоры
a Ключевые слова романские языки
a Ключевые слова семантика
a Ключевые слова фразеологизмы
a Ключевые слова фриульский язык
773 0_ t Заглавие источника Вестник Московского университета. Серия 9, Филология
d Дата издания источника 2007
g Прочая информация № 1. - С. 115 - 121
w Контрольный № источника RU/IS/BASE/229700507
901 t Тип документа b